书目信息 |
| 题名: |
定向运动
|
|
| 作者: | 缪华 , 汪洁 主编 | |
| 分册: | ||
| 出版信息: | 天津 天津大学出版社 2014 |
|
| 页数: | 224页 | |
| 开本: | 26cm | |
| 丛书名: | 新世纪高等学校体育教育创新系列 | |
| 单 册: | ||
| 中图分类: | G826 | |
| 科图分类: | ||
| 主题词: | 定向运动--Ding Xiang Yun Dong--高等学校--教材 | |
| 电子资源: | ||
| ISBN: | 978-7-5618-5210-1 | |
| 000 | 01038nam 2200289 450 | |
| 001 | 012001004401 | |
| 005 | 20131017103202.0 | |
| 010 | @a978-7-5618-5210-1@dCNY38.50 | |
| 099 | @aCAL 012014142162 | |
| 100 | @a20141113d2014 em y0chiy50 ea | |
| 101 | 0 | @achi |
| 102 | @aCN@b120000 | |
| 105 | @aak a 000yy | |
| 106 | @ar | |
| 200 | 1 | @a定向运动@ADing Xiang Yun Dong@f缪华, 汪洁主编 |
| 210 | @a天津@c天津大学出版社@d2014 | |
| 215 | @a224页@c图@d26cm | |
| 225 | 2 | @a新世纪高等学校体育教育创新系列@AXin Shi Ji Gao Deng Xue Xiao Ti Yu Jiao Yu Chuang Xin Xi Lie |
| 320 | @a有书目 (第224页) | |
| 330 | @a本书以在校园中开展定向运动为主要手段,以拓展训练为补充,对定向运动的起源、地图知识、定向运动技术、组织定向比赛及安全救护、身体素质练习做了详细的介绍。 | |
| 410 | 0 | @12001@a新世纪高等学校体育教育创新系列 |
| 606 | 0 | @a定向运动@ADing Xiang Yun Dong@x高等学校@j教材 |
| 690 | @aG826@v4 | |
| 701 | 0 | @a缪华@AMiu Hua@4主编 |
| 701 | 0 | @a汪洁@AWang Jie@4主编 |
| 801 | 0 | @b江苏凤凰@c20191020 |
| 905 | @b1223112-7@dG826@e175@f6 | |
| 定向运动/缪华, 汪洁主编.-天津:天津大学出版社,2014 |
| 224页:图;26cm.-(新世纪高等学校体育教育创新系列) |
| ISBN 978-7-5618-5210-1:CNY38.50 |
| 本书以在校园中开展定向运动为主要手段,以拓展训练为补充,对定向运动的起源、地图知识、定向运动技术、组织定向比赛及安全救护、身体素质练习做了详细的介绍。 |
| ● |
| 相关链接 |
|
|
|
|
正题名:定向运动
索取号:G826/175
 
预约/预借
| 序号 | 登录号 | 条形码 | 馆藏地/架位号 | 状态 | 备注 |
| 1 | 1223112 | 212231128 | 第一样本阅览室/ [索取号:G826/175] | 在馆 | |
| 2 | 1223113 | 212231137 | 教育系资料室/ [索取号:G826/175] | 在馆 | |
| 3 | 1223114 | 212231146 | 教育系资料室/ [索取号:G826/175] | 在馆 | |
| 4 | 1223115 | 212231155 | 教育系资料室/ [索取号:G826/175] | 在馆 | |
| 5 | 1223116 | 212231164 | 第四借阅区/ [索取号:G826/175] | 在馆 | |
| 6 | 1223117 | 212231173 | 第四借阅区/ [索取号:G826/175] | 在馆 |